| АИС "Историко-культурное наследие Беларуси" | ||
| Базовый | Расширенный | Профессиональный | Словарь персоналий | Тематический словарь | По видам объектов | История запросов Заказы | Регистрация | |
Запись в MARC-формате
| копировать MARC-запись |
=LDR 00000nx\\c2200217\\\45\\
=001 BY-NLB-ar3128723
=005 20160330095631.8
=100 \\$a20081223arusy50\\\\\\ca0
=152 \\$apsbo
=160 \\$ae-bw
=215 \\$aКостел Матери Божьей Ружанцовой (Солы, деревня; Сморгонский район)
=300 1\$aПамятник архитектуры стиля модерн. Построен в 1926–1934 гг. Архитектор: А. Дубанович.
=356 \\$aНаходится в центре д. Солы Сморгонского района Гродненской области.
=415 \\$aСольский косцел Матери Божьей Ружанцовой
=515 \\$5w$3BY-NLB-ar3128720$aКасцёл Маці Божай Ружанцовай (Солы, вёска; Смаргонскі раён)
=801 \0$aBY$bBY-HM0000$c20081223
=810 \\$aТуристская энциклопедия Беларуси. – Мн., 2007.
=810 \\$aКулагін, А. М. Каталіцкія храмы на Беларусі : энцыкл. давед. — Мн., 2000.
=810 \\$aКулагін, А. М. Каталіцкія храмы Беларусі : энцыкл. давед. — Мн., 2008.
=810 \\$aАрхітэктура Беларусі : энцыкл. давед. – Мн., 1993.
=999 \\$f2786$t20081223
Чтобы вернуться назад, щелкните кнопку BACK на Вашем браузере